Papai esteve na floresta (Record no. 122889)

MARC details
000 -LÍDER
campo de controle de tamanho fixo 00944 a2200205 4500
001 - NÚMERO DE CONTROLE
campo de controle 122889
020 ## - ISBN - INTERNATIONAL STANDARD BOOK NUMBER
ISBN - International Standard Book Number 9788541805858
040 ## - FONTE DA CATALOGAÇÃO
Instituição que transcreveu o registro Escola Canadense de Niteroi
090 ## - NÚMERO DE CHAMADA LOCAL
Número de chamada (OCLC) (R); Número de chamada, CALL (RLIN) (NR) GUS-P2
100 ## - ENTRADA PRINCIPAL--NOME PESSOAL
Nome pessoal Decis, Anne
245 10 - TÍTULO
Título Papai esteve na floresta
250 ## - EDIÇÃO
Edição 1.ed.
260 ## - PUBLICAÇÃO, DISTRIBUIÇÃO, ETC.
Local de publicação, distribuição, etc. São Paulo
300 ## - DESCRIÇÃO FÍSICA
Outros detalhes físicos il.
Dimensões 9 x 0.4 x 19 cm
362 0# - DATAS DE PUBLICAÇÃO E/OU DESIGNAÇÃO SEQUENCIAL
Datas de publicação e/ou designação sequencial 2017
520 ## - NOTA DE RESUMO, ETC
Resumo, etc. Na floresta onde o pai de Theo esteve existem árvores tão grandes e grossas que seria preciso todas as crianças da classe para abraçar apenas uma delas... Nas profundezas da Amazônia Equatoriana, onde vive boa parte do povo Záparo e a imponente harpia – ave de rapina que devora macacos –, tudo é bem diferente do que o garoto da cidade está acostumado a ver em seu dia a dia. Um diário divertido com as impressões de uma criança a partir dos relatos de viagem de seu pai.
650 #4 - ASSUNTO--TERMO TÓPICO
Cabeçalho tópico ou nome geográfico Literatura Infantil
650 #4 - ASSUNTO--TERMO TÓPICO
Cabeçalho tópico ou nome geográfico Ação ou Aventura
942 ## - ELEMENTOS DE ENTRADA ADICIONADOS (KOHA)
Tipo de material Koha Livros
Holdings
Situação do descarte Situação das perdas Situação física Não pode ser emprestado Biblioteca de origem Biblioteca atual Data de aquisição Total de empréstimos Número de chamada completo Código de barras Data de último acesso Data do preço efetivo Tipo de material Koha
        Canadian School of Niterói - Piratininga Canadian School of Niterói - Piratininga 09/02/2024   GUS-P2 A12191 09/02/2024 09/02/2024 Livros